Statystyki dla Ubranie na Literę "S"

Kliknij tutaj aby rozwiązać quiz!

Ogólne statystyki

  • Ten quiz został rozwiązany 438 razy
  • Średni wynik to 6 z 13

Statystyki odpowiedzi

HintOdpowiedź% Poprawnych
1.Spodnie
90%
5.Sukienka
80%
2.Skarpety
75%
4.Spódnica
70%
3.
Szalik
70%
6.Sweter
60%
10.Sandały
55%
7.Stringi
32%
13.Slipy
26%
11.Szpilki
23%
9.Szelki
20%
8.Szlafrok
19%
12.Sutanna
9%

Rozkład punktacji

Percentyl według liczby udzielonych odpowiedzi

Procent ludzi z każdym wynikiem

Twoja historia wyników

Nie rozwiązałeś tego quizu